SNL - Kristen Wiig Impersonations Quiz Stats

Quiz Updated May 21, 2017

Challenge
Share
Tweet
Score 0/15 Timer 03:00
0 Plays Today
% Correct
Taylor Swift
93.6%
Jamie Lee Curtis
93%
Kris Jenner
92.4%
Katharine Hepburn
91.6%
Gwen Stefani
91.2%
Paula Deen
91%
Björk
88.8%
Nancy Pelosi
86.8%
% Correct
Madonna
86.4%
Kathie Lee Gifford
84.8%
Suze Orman
79.7%
Drew Barrymore
78.7%
Elisabeth Hasselbeck
74.2%
Lana Del Rey
72.7%
Kim Cattrall
70%

You're not logged in!

Compare scores with friends on all Sporcle quizzes.
Sign Up with Email
OR
Log In

You Might Also Like...

Show Comments

Extras

Top Quizzes Today


Score Distribution

Your Account Isn't Verified!

In order to create a playlist on Sporcle, you need to verify the email address you used during registration. Go to your Sporcle Settings to finish the process.